Vista normal Vista MARC
  • tècniques pictòriques

Entrada Terme temàtic

Nombre de registres utilitzats a: 3

001 - NÚMERO DE CONTROL

  • campo de control: 66546

003 - IDENTIFICADOR DE NÚMERO DE CONTROL

  • campo de control: OSt

005 - FECHA Y HORA DE LA ÚLTIMA TRANSACCIÓN

  • campo de control: 20210930002417.0

008 - ELEMENTOS DE DATO DE LONGITUD-FIJA

  • campo de control de longitud fija: 210929|| aca||aabn | a|a d

040 ## - FUENTE DE CATALOGACIÓN

  • Centro catalogador/agencia de origen: OSt
  • Centro/agencia transcriptor: OSt

150 ## - ENCABEZAMIENTO--TÉRMINO DE MATERIA

  • Término de materia o nombre geográfico como elemento de entrada: tècniques pictòriques

670 ## - FUENTE DE DATOS ENCONTRADOS

  • Cita de la fuente: Work cat.: (OSt)38435: Gumí, Jordi 37205, Diccionari de tècniques pictòriques: Compendi de termes corresponents a les activitats de pintura, dibuix, daurat, pintura industrial, restauració, conservació i documentació científica d'obres d'art, disseny gràfic, galeries d'art, delineació i altres activitats